• 首页
  • 本馆介绍
  • 公告通知
  • 最新文献
  • 馆藏检索
  • 电子资源
  • 读者导购
  • 参考咨询
  • 我的图书馆
  • 登录
  • 详细信息显示
  • 放入我的书架
  • 预约/预借图书
  • 作者相关作品
  • 分类相关作品
  • 丛书相关作品
  • 出版社相关作品

书目信息

  • 表格格式
  • 工作单格式
  • 卡片格式
题名:
音韵学读本
    
 
作者: 刘晓南 编著
分册:  
出版信息: 上海   上海交通大学出版社  2011.07
页数: 365页
开本: 26cm
丛书名: 当代大学读本
单 册:
中图分类: H11
科图分类:
主题词: 汉语--音韵学 , 汉语 , 音韵学
电子资源:
ISBN: 978-7-313-07053-1
000 00916oam2 2200277 450
001 010000010518
005 20120619162938.42
010    @a978-7-313-07053-1@dCNY78.00
100    @a20110830d2011 em y0chiy50 ea
101 0  @achi
102    @aCN@b310000
105    @ak z 000yy
106    @ar
200 1  @a音韵学读本@9yin yun xue du ben@f刘晓南编著
210    @a上海@c上海交通大学出版社@d2011.07
215    @a365页@d26cm
225 2  @a当代大学读本@i国学基础系列
330    @a本书以历代名家名篇为基本材料,分为音韵学原则与方法、音节分析、音系归纳、上古音、中古音、近代音、历史方言音韵等章节,从不同视角、不同侧面和不同方法参会比核,让读者对音韵学有一个全面、深入的了解。
462  0 @12001 @a国学基础系列
606 0  @a汉语@x音韵学
606 0  @a汉语
606 0  @a音韵学
690    @aH11@v4
701  0 @a刘晓南@9liu xiao nan@4编著
801  0 @aCN@bRENTIAN@c20110830
905    @b539353-57@dH11@e109@f5
    
    音韵学读本/刘晓南编著.-上海:上海交通大学出版社,2011.07
    365页;26cm.-(当代大学读本.国学基础系列)
    
    
    ISBN 978-7-313-07053-1:CNY78.00
    本书以历代名家名篇为基本材料,分为音韵学原则与方法、音节分析、音系归纳、上古音、中古音、近代音、历史方言音韵等章节,从不同视角、不同侧面和不同方法参会比核,让读者对音韵学有一个全面、深入的了解。
●
相关链接 在E读中查询图书 在五车中查询图书 在当当中查询图书 在豆瓣中查询图书


正题名:音韵学读本     索取号:H11/109         预约/预借

序号 登录号 条形码 馆藏地/架位号 状态 备注
1 539353   205393536   第二样本阅览室/ [索取号:H11/109] 在馆    
2 539354   205393545   密集书库-文学院/ [索取号:H11/109] 在馆    
3 539355   205393554   第四借阅区/ [索取号:H11/109] 在馆    
4 539356   205393563   第四借阅区/ [索取号:H11/109] 在馆    
5 539357   205393572   第四借阅区/ [索取号:H11/109] 在馆    
唐山师范学院图书馆 欢迎您!
大连网信软件有限公司© 版权所有